000 01892nam a2200265Ia 4500
008 260220t1998||||xx |||||||||||||| ||spa||
020 _a9684443196
040 _aPY-SlUNAC
_bspa
_erda
041 _aspa
082 _a574.192 9
_bSmi51b
100 _aSmith, C. A.
_eAutor
245 0 _aBiosíntesis /
_cpor C. A. Smith [Autor]; E. J. Wood [Autor]
264 _aCiudad de México :
_bAddison-Wesley,
_c℗1998.
300 _a1 volumen
520 _aEl libro "Biosíntesis" de C. A. Smith, publicado por Addison-Wesley en 1998, ofrece una exploración integral de los procesos biosintéticos que son fundamentales para la vida. A través de un enfoque multidisciplinario, el autor analiza cómo los organismos sintetizan compuestos esenciales, desde aminoácidos hasta ácidos nucleicos, enfatizando la interconexión entre la bioquímica y la biología molecular. Smith detalla los mecanismos enzimáticos y las rutas metabólicas involucradas, proporcionando ejemplos concretos que ilustran la complejidad y la precisión de estos procesos. Además, el texto incluye una revisión de las aplicaciones biotecnológicas de la biosíntesis, destacando su relevancia en la producción de fármacos y otros productos químicos. A lo largo del libro, se presentan ilustraciones y diagramas que facilitan la comprensión de conceptos clave, convirtiéndolo en un recurso valioso tanto para estudiantes como para investigadores en el campo de las ciencias biológicas. En conjunto, "Biosíntesis" se establece como una obra fundamental para entender los procesos vitales que sustentan la vida.
653 _aBiosíntesis
653 _aBiotecnología
653 _aCiencias biológicas
700 _aWood, E. J.
_eAutor
942 _b2026/02/17
_cBK
999 _c8139
_d8139